000 01477cam a2200421 4500
999 _c23446
_d23446
001 vtls011867430
005 20221011073945.0
008 210623s2019 xo er 000 fdslo
020 _a9788055166339
_q(viazané)
035 _a4E7E5F99-40EE-4B88-B5F4-41FD55EABC52
035 _aurn:nbn:sk:snk-am3id3s
035 _aurn:nbn:sk:snk-am00e407
040 _aTTKJF
_bslo
_cTTKJF
_dSNK
_erda
041 1 _aslo
_hswe
044 _axo
_cSK
072 7 _a821.11
_xGermánske literatúry
_2konspekt
080 _a821.113.6-31
_22011
080 _a(0:82-312.4)
_22011
100 1 _aOhlsson, Kristina,
_d1979-
_4aut
_93669
240 1 0 _aMios Blues
_lSlovensky
245 1 0 _aKlamstvá, ktoré hovoríme
_cKristina Ohlssonová ; preložili Zuzana Inczingerová a Lenka Kočišová
246 1 _iObálkový podnázov:
_aKoľko toho musí obetovať. Aby sa zachránil?
264 1 _aBratislava
_bIkar
_c2019
300 _a375 strán
_c21 cm
336 _atext
_btxt
_2rdacontent
337 _abez média
_bn
_2rdamedia
338 _azväzok
_bnc
_2rdacarrier
500 _aPreložené zo švédčiny
655 7 _ašvédske romány
_2SNKPH
_91715
655 7 _adetektívne romány
_2SNKPH
_91710
655 7 _aSwedish fiction
_2SNKPHeng
_91716
655 7 _aDetective novels
_2SNKPHeng
_91711
700 1 _aInczingerová, Zuzana
_4trl
_92536
700 1 _aKočišová, Lenka
_4trl
_92535
958 _aLX
958 _aUP